Borough's of Bakirkoy - Statistics

General Stats
  • This quiz has been taken 8 times
  • The average score is 7 of 12
Answer Stats
Answer % Correct
Atakoy
100%
Osmaniye
75%
Senlikkoy
75%
Yesilkoy
75%
Zuhuratbaba
75%
Basinkoy
50%
Kartaltepe
50%
Yesilyurt
50%
Cevizlik
25%
Sakizagaci
25%
Yenimahalle
25%
Zeytinlik
25%
No matching quizzes found
Score Distribution
Percent of People with Each Score
Percentile by Number Answered
Your Score History
You have not taken this quiz